000 01352naa a22003737a 4500
001 BR8003204
003 BR-BrBNA
005 20240918174611.0
007 ta
008 230509b bl.||||| |||| 00| 0 por d
040 _aBR-BrBNA
_bpor
_cBiblioteca Nacional de Agricultura
041 _a(Pt)
072 _aF27; F00; N20
_b0336
_b4510
_bG514
090 _aF27 BR8003204
100 1 _aGamero, C.A.
100 1 _aBenez, S.H.
100 1 _aMattos, P.C.
111 1 _a9. Congresso Brasileiro de Engenharia Agricola
_cCampina Grande, PB (Brazil)
_d24 Jul 1979
245 1 _aInfluencia do preparo do solo na producao de soja (Glycine max (l.)merril)[Cultivo do solo; Trator; Plantio; Semeadura; Brasil]
260 3 _aCampina Grande, PB (Brasil):
_c1980.
500 _aAnais do 9. Congresso Brasileiro de Engenharia Agricola Campina Grande, PB (Brasil): 1980. v. 1 p. 328-333 (BR8003204-AM)F27
650 _aCultivo do solo
650 _aProducao vegetal
650 _aEquipamento rural
650 _aSoja
650 _aTrator
650 _aPratica cultural
650 _aPlantio
650 _aSemeadura
650 _aRendimento
773 0 _tAnais do 9. Congresso Brasileiro de Engenharia Agricola
_wF27 BR8003204
_gCampina Grande, PB (Brasil), 1980. v. 1 p. 328-333
909 _a202404
_bLucia
_c55
_dLucia Elande
942 _cAM
_2AGRIS
999 _c312262
_d312262